Optica electromagnética: fundamentos

Wedi'i Gadw mewn:
Manylion Llyfryddiaeth
Prif Awduron: Cabrera, José Manuel (Awdur), Aguñó-López, Fernando (Awdur)
Awduron Eraill: López, Fernando Jesús (autor)
Fformat: Llyfr
Iaith:Sbaeneg
Cyhoeddwyd: Wilmington Addison-Wesley Iberoamericana 1993
Pynciau:
Tagiau: Ychwanegu Tag
Dim Tagiau, Byddwch y cyntaf i dagio'r cofnod hwn!

MARC

LEADER 00000nam a2200000 a 4500
001 UCT4128
003 CL-VaPUC
008 961108e19930000US |||||||||||||||||spa|d
082 0 4 |a 539.2  |b CAB  |2 21 
100 0 |a Cabrera, José Manuel  |e author  |9 373268 
700 |a López, Fernando Jesús  |e autor  |9 373269 
700 0 |a Aguñó-López, Fernando  |e author  |9 373270 
245 1 0 |a Optica electromagnética: fundamentos 
300 |a 256 p 
942 |c BK 
945 |d 19961108 00:00:00  |a rleighto 
260 |a Wilmington  |b Addison-Wesley Iberoamericana  |c 1993 
650 0 |a Ondas  |9 260165 
650 0 |a Ondas electromagnéticas  |9 354947 
650 0 |a Microondas  |9 263311 
650 0 |a Luz visible  |9 340314 
650 7 |a ULTRAVIOLETA  |2 CL-VaPUC  |9 373271 
650 0 |a Rayos X  |9 313670 
650 7 |a POLARIZACON  |2 CL-VaPUC  |9 373272 
650 7 |a CAMPOS ESTATICOS  |2 CL-VaPUC  |9 373273 
650 7 |a ENERGIA ELECTROMAGNETICA  |2 CL-VaPUC  |9 373274 
650 7 |a REFRACCION  |2 CL-VaPUC  |9 373275 
650 7 |a REFLEXION  |2 CL-VaPUC  |9 369835 
583 |a last modification  |c 19961108 00:00:00  |k Rodrigo Vera 
999 |c 253553  |d 253551 
952 |0 0  |1 0  |4 0  |6 539_200000000000000_CAB_1993  |7 0  |8 A  |9 274463  |a BIBCUR  |b BIBCUR  |d 2019-11-19  |i 3243842  |o 539.2 CAB 1993  |p 3243842  |r 2025-04-22  |w 2019-11-19  |y BK  |k FIS